Psychology (Record no. 1399641)

MARC details
000 -LEADER
fixed length control field 00632nam a2200229Ia 4500
005 - DATE AND TIME OF LATEST TRANSACTION
control field 20250508170157.0
008 - FIXED-LENGTH DATA ELEMENTS--GENERAL INFORMATION
fixed length control field 008 250505s9999 xx 000 0 eng d
020 ## - INTERNATIONAL STANDARD BOOK NUMBER
International Standard Book Number 978-93-91450-54-0
037 ## - SOURCE OF ACQUISITION
Stock number TextBook
040 ## - CATALOGING SOURCE
Original cataloging agency FEDL
Language of cataloging eng
Transcribing agency FEDL
041 ## - LANGUAGE CODE
Language code of text/sound track or separate title eng
Source of code eng
084 ## - COLON CLASSIFICATION NUMBER
Classification number 150, CIC/R
Assigning agency FEDL
100 ## - MAIN ENTRY--PERSONAL NAME
Personal name Ciccarelli Saundra K
9 (RLIN) 580588
245 #0 - TITLE STATEMENT
Title Psychology
250 ## - EDITION STATEMENT
Edition statement 6
260 ## - PUBLICATION, DISTRIBUTION, ETC.
Place of publication, distribution, etc. Noida, India
Name of publisher, distributor, etc. Pearson India Education Service
Date of publication, distribution, etc. 2022
300 ## - PHYSICAL DESCRIPTION
Extent xix, 679p.
365 ## - TRADE PRICE
Price type code INR
Price amount 770
700 ## - ADDED ENTRY--PERSONAL NAME
Personal name White J Noland Misra Girishwar
9 (RLIN) 783327
942 ## - ADDED ENTRY ELEMENTS (KOHA)
Koha item type Textbook
Classification part 150, CIC/R
Holdings
Withdrawn status Lost status Damaged status Not for loan Home library Current library Date acquired Cost, normal purchase price Total Checkouts Full call number Barcode Date last seen Price effective from Koha item type
        Department of Education Library Department of Education Library 2025-05-08 770.00   150, CIC/R EL0093643 2025-05-08 2025-05-08 Textbook
Copyright @ Delhi University Library System